Minecraft - Guess the Blocks by Picture #3 - Statistics

General Stats
  • This quiz has been taken 24 times
  • The average score is 60 of 91
Answer Stats
Picture Answer % Correct
Wet Sponge
88%
White Banner
82%
White Bed
82%
White Candle
82%
Wheat Crops
76%
White Carpet
76%
White Concrete
76%
White Concrete Powder
76%
White Glazed Terracotta
76%
White Shulker Box
76%
White Stained Glass
76%
White Stained Glass Pane
76%
White Tulip
76%
White Wool
76%
Wither Rose
76%
Wither Skeleton Skull
76%
Yellow Banner
76%
Yellow Bed
76%
Yellow Candle
76%
Yellow Carpet
76%
Yellow Concrete
76%
Yellow Concrete Powder
76%
Yellow Glazed Terracotta
76%
Yellow Shulker Box
76%
Yellow Stained Glass
76%
Yellow Stained Glass Pane
76%
Yellow Terracotta
76%
Yellow Wool
76%
Zombie Head
76%
White Terracotta
71%
Waxed Exposed Copper Bars
65%
Waxed Exposed Copper Bulb
65%
Waxed Exposed Copper Chain
65%
Waxed Exposed Copper Chest
65%
Waxed Exposed Copper Door
65%
Waxed Exposed Copper Lantern
65%
Waxed Exposed Copper Trapdoor
65%
Waxed Exposed Lightning Rod
65%
Waxed Lightning Rod
65%
Waxed Oxidized Copper
65%
Waxed Oxidized Copper Bars
65%
Waxed Weathered Copper
65%
Waxed Weathered Copper Bars
65%
Waxed Weathered Copper Bulb
65%
Waxed Weathered Copper Chain
65%
Waxed Weathered Copper Chest
65%
Waxed Weathered Copper Door
65%
Waxed Weathered Cut Copper Stairs
65%
Waxed Exposed Copper Grate
59%
Waxed Exposed Cut Copper
59%
Waxed Exposed Cut Copper Slab
59%
Waxed Exposed Cut Copper Stairs
59%
Waxed Oxidized Chiseled Copper
59%
Waxed Oxidized Copper Bulb
59%
Waxed Oxidized Copper Chain
59%
Waxed Oxidized Copper Chest
59%
Waxed Oxidized Copper Door
59%
Waxed Oxidized Copper Grate
59%
Waxed Oxidized Copper Lantern
59%
Waxed Oxidized Copper Trapdoor
59%
Waxed Oxidized Cut Copper
59%
Waxed Oxidized Cut Copper Slab
59%
Waxed Oxidized Cut Copper Stairs
59%
Waxed Oxidized Lightning Rod
59%
Waxed Weathered Chiseled Copper
59%
Waxed Weathered Copper Grate
59%
Waxed Weathered Copper Lantern
59%
Waxed Weathered Copper Trapdoor
59%
Waxed Weathered Cut Copper
59%
Waxed Weathered Cut Copper Slab
59%
Waxed Weathered Lightning Rod
59%
Weathered Copper
59%
Weathered Copper Bars
59%
Weathered Copper Bulb
59%
Weathered Copper Chain
59%
Weathered Copper Chest
59%
Weathered Copper Door
59%
Weathered Copper Grate
59%
Weathered Copper Lantern
59%
Weathered Copper Trapdoor
59%
Weathered Cut Copper
59%
Weathered Cut Copper Slab
59%
Weathered Cut Copper Stairs
59%
Weathered Lightning Rod
59%
Waxed Exposed Copper Golem Statue
53%
Waxed Oxidized Copper Golem Statue
53%
Waxed Weathered Copper Golem Statue
53%
Weathered Chiseled Copper
53%
Weathered Copper Golem Statue
53%
Weeping Vines
47%
Wildflowers
47%
No matching quizzes found
Score Distribution
Percent of People with Each Score
Percentile by Number Answered
Your Score History
You have not taken this quiz